000 00355nam a2200157Ia 4500
005 20250425024037.0
008 240331s9999 xx 000 0 und d
020 _a9552034094
082 _bJAY
_a891
100 _aJayawardena,S
245 0 _aIndra chapa
260 _aColombo
_bGodake & Sons
_c1999
300 _a272 p .,
650 _aNovel
942 _cL
999 _c4825
_d4825